000
00324nam a2200145Ia 4500
008
230917s9999||||xx |||||||||||||| ||und||
040
_e
153335
_a
MAIN
041
_a
English
082
_a
294.6 D537G
100
_a
Dhillon, Harijinder Singh
245
0
_a
Guru ram dass
260
_c
1998
300
_a
87p p.
942
_c
BK
999
_c
80864
_d
80864